Recommendations for Seismic Design of Hybrid Coupled Wall Systems / (Record no. 616408)
[ view plain ]
| 000 -LEADER | |
|---|---|
| fixed length control field | 00428nam a22001337a 4500 |
| 020 ## - INTERNATIONAL STANDARD BOOK NUMBER | |
| Qualifying information | PB. |
| 040 ## - CATALOGING SOURCE | |
| Transcribing agency | FIZZA ISHAQ |
| 082 ## - DEWEY DECIMAL CLASSIFICATION NUMBER | |
| Classification number | 624.1 |
| Author Mark | TAW |
| 100 ## - MAIN ENTRY--PERSONAL NAME | |
| Personal name | Tawil , Sherif El. |
| 9 (RLIN) | 133453 |
| 245 ## - TITLE STATEMENT | |
| Title | Recommendations for Seismic Design of Hybrid Coupled Wall Systems / |
| Statement of responsibility, etc. | Sherif El-Tawil. |
| 260 ## - PUBLICATION, DISTRIBUTION, ETC. | |
| Place of publication, distribution, etc. | New York: |
| Name of publisher, distributor, etc. | American Society of Civil Engineers, |
| Date of publication, distribution, etc. | 2010. |
| 300 ## - PHYSICAL DESCRIPTION | |
| Extent | 70 p. ; |
| Dimensions | 5.5 x 0.25 x 8.75 inches |
| 942 ## - ADDED ENTRY ELEMENTS (KOHA) | |
| Source of classification or shelving scheme | |
| Koha item type | Book |
| Withdrawn status | Lost status | Source of classification or shelving scheme | Damaged status | Not for loan | Permanent Location | Current Location | Shelving location | Date acquired | Total Checkouts | Full call number | Barcode | Date last seen | Price effective from | Koha item type |
|---|---|---|---|---|---|---|---|---|---|---|---|---|---|---|
| NUST Baluchistan Campus (NBC) | NUST Baluchistan Campus (NBC) | General Stacks | 02/25/2026 | 624.1 TAW | Q-3147 | 02/25/2026 | 02/25/2026 | Book |
